000 00674nam a2200229Ia 4500
003 OSt
005 20220925203931.0
006 a|||||r|||| 00| 0
007 ta
008 220923b |||||||| |||| 00| 0 eng d
037 _cGeneral Book
040 _aRTL
_cRTL
_beng
041 _2eng
_aeng
082 _aYb4.6.N7, L3
100 _aO'Barr William M Ed.
_9153236
245 0 _aSurvey research in Africa,Its applications and limits
260 _aEvanston
_bNorthwestern University Press
_c1973
300 _ax,349p
_ccm.
500 _aBibliography P285-334
942 _hYb4.6.N7, L3
_cGB
_2CC
999 _c548125
_d548125